| 000 | 00504nam a22001817a 4500 | ||
|---|---|---|---|
| 003 | ost | ||
| 005 | 20140310182348.0 | ||
| 008 | 130928t xxu||||| |||| 00| 0 eng d | ||
| 020 | _a0739808524 | ||
| 050 |
_aGR 72 _b.V371 2000 |
||
| 082 |
_aGS 550.46 _bB496 2000 |
||
| 245 |
_aTrue tales from the seas _cHenry Billings and Melissa Stone Billings. |
||
| 260 |
_aTexas : _bSteck-Vaughn Company, _c 2000. |
||
| 300 |
_a112 p., _c28.1 cm. |
||
| 541 | _j1 | ||
| 562 | _e1 | ||
| 942 |
_2lcc _cBK-GS |
||
| 999 |
_c12280 _d12280 |
||